La biblia de las ciencias naturales / (Registro nro. 11593)

Detalles MARC
000 -LEADER
fixed length control field 01045nam a22003017a 4500
001 - CONTROL NUMBER
control field 000564
003 - CONTROL NUMBER IDENTIFIER
control field DO-SdBNP
005 - DATE AND TIME OF LATEST TRANSACTION
control field 20170915093316.0
007 - PHYSICAL DESCRIPTION FIXED FIELD--GENERAL INFORMATION
fixed length control field 000564
008 - FIXED-LENGTH DATA ELEMENTS--GENERAL INFORMATION
fixed length control field 161018b 2011 sp a ||||| |||| 00| 0 spa d
020 ## - INTERNATIONAL STANDARD BOOK NUMBER
International Standard Book Number 9789972625930
040 ## - CATALOGING SOURCE
Original cataloging agency BPMSU
Language of cataloging spa
Transcribing agency BPMSU
082 #4 - DEWEY DECIMAL CLASSIFICATION NUMBER
Classification number R 500
Item number B582c
245 00 - TITLE STATEMENT
Title La biblia de las ciencias naturales /
Statement of responsibility, etc. dirección editorial, Sacramento Nieto ; coordinación de la obra Puri Ballús
260 ## - PUBLICATION, DISTRIBUTION, ETC. (IMPRINT)
Place of publication, distribution, etc. Barcelona :
Name of publisher, distributor, etc. Lexus Editores,
-- Thema Equipo Editorial,
Date of publication, distribution, etc. 2011.
300 ## - PHYSICAL DESCRIPTION
Extent 1008 p. :
Other physical details il. ;
Dimensions 28 cm. +
Accompanying material CD-ROM
500 ## - GENERAL NOTE
General note Incluye índice alfabético.
505 0# - FORMATTED CONTENTS NOTE
Title Biología. --
-- Botánica. --
-- Zoología. --
-- Ecología y medio ambiente. --
-- El cuerpo humano.
650 #4 - SUBJECT ADDED ENTRY--TOPICAL TERM
Topical term or geographic name as entry element CIENCIA
650 #4 - SUBJECT ADDED ENTRY--TOPICAL TERM
Topical term or geographic name as entry element HISTORIA NATURAL
700 12 - ADDED ENTRY--PERSONAL NAME
Personal name Nieto, Sacramento,
Relator term dir.
700 12 - ADDED ENTRY--PERSONAL NAME
Personal name Ballús, Puri
710 ## - ADDED ENTRY--CORPORATE NAME
Corporate name or jurisdiction name as entry element Lexus Editores,
910 ## - USER-OPTION DATA (OCLC)
User-option data Validado. Control de calidad MFF
942 ## - ADDED ENTRY ELEMENTS (KOHA)
Source of classification or shelving scheme Dewey Decimal Classification
Koha item type Libros
945 ## - LOCAL PROCESSING INFORMATION (OCLC)
a Invetariado / 2017 VM
956 ## - LOCAL ELECTRONIC LOCATION AND ACCESS (OCLC)
Access method LOPEREZ
Materials specified 10
Linkage 20161018
Field link and sequence number BPMSU
Host name 00041
Existencias
Withdrawn status Lost status Source of classification or shelving scheme Damaged status Not for loan Collection code Home library Current library Date acquired Source of acquisition Total Checkouts Full call number Barcode Date last seen Price effective from Koha item type
    Dewey Decimal Classification     Colección de Referencia General Biblioteca Pública Metropolitana Salomé Ureña Biblioteca Pública Metropolitana Salomé Ureña 10/18/2016 Compra   R 500 B582c BPMSU16100235 10/18/2016 10/18/2016 Libros